000 00625nam a2200217Ia 4500
003 GCL
008 140319s9999 xx 000 0 ara d
040 _aGCL /
_cGCL
082 0 4 _a190
_bف ف
100 1 _aفروم، اريك
245 1 0 _aفن الحب /
_cفروم، اريك
700 1 _aمجاهد عبدالمنعم مجاهد
260 _a[S.N] :
_bمكتبة الانجلوالمصرية ،
_c1956
300 _a203 ص
490 _a
650 0 4 _aالفلسفة
650 0 4 _aالفلسفة الحديثة
650 0 4 _aالفلسفة الغربية
650 0 4 _aتاريخ ونقد
942 _2ddc
_cBK
999 _c32551
_d32551